[Event "Berlin-ch Seniors op 37th"]
[Site "Berlin"]
[Date "2021.06.16"]
[Round "9"]
[White "Hofmeister, Frank"]
[Black "Casny, Guenter"]
[Result "1-0"]
[WhiteElo "1888"]
[BlackElo "1805"]
[PlyCount "70"]
[EventDate "2021.06.08"]
[EventType "swiss"]
[EventRounds "9"]
[EventCountry "GER"]
[SourceTitle "EXT 2022"]
[Source "ChessBase"]
[SourceDate "2021.10.06"]
[SourceVersion "1"]
[SourceVersionDate "2021.10.06"]
[SourceQuality "1"]

1. e4 c5 2. Nf3 d6 3. d4 cxd4 4. Nxd4 Nf6 5. Bd3 Bd7 6. 0-0 Nc6 7. c3 g6 8. Nd2 Bg7 9. f4 0-0 10. N2f3 Nxd4 11. cxd4 Rc8 12. Qb3 Qc7 13. Bd2 Be6 14. d5 Bg4 15. Rac1 Qb8 16. Be3 Bxf3 17. gxf3 a6 18. a4 Nd7 19. Be2 Rxc1 20. Rxc1 Rc8 21. Rc2 Rxc2 22. Qxc2 Kf8 23. b4 e6 24. dxe6 fxe6 25. b5 axb5 26. Bxb5 Ke7 27. f5 Bf6 28. fxe6 Kxe6 29. Qg2 Qc7 30. Qh3+ Ke7 31. Qxh7+ Kd8 32. Qg8+ Ke7 33. Qxg6 Qc3 34. Qh7+ Kf8 35. Bh6+ Bg7 1-0

[Event "Berlin-ch Seniors op 37th"]
[Site "Berlin"]
[Date "2021.06.12"]
[Round "5"]
[White "Schubert, Joachim"]
[Black "Casny, Guenter"]
[Result "0-1"]
[WhiteElo "1918"]
[BlackElo "1805"]
[PlyCount "111"]
[EventDate "2021.06.08"]
[EventType "swiss"]
[EventRounds "9"]
[EventCountry "GER"]
[SourceTitle "EXT 2022"]
[Source "ChessBase"]
[SourceDate "2021.10.06"]
[SourceVersion "1"]
[SourceVersionDate "2021.10.06"]
[SourceQuality "1"]

1. e4 c5 2. Nf3 d6 3. d4 cxd4 4. Nxd4 Nf6 5. Nc3 a6 6. a4 Bd7 7. Be2 g6 8. 0-0 Bg7 9. Kh1 Nc6 10. Be3 0-0 11. f4 e6 12. Bf3 Rc8 13. Qd2 Na5 14. Qf2 Nc4 15. Bc1 Qc7 16. Nde2 Bc6 17. b3 Nb6 18. Be3 Nbd7 19. Rac1 d5 20. e5 Ne4 21. Bxe4 dxe4 22. Nd4 Rfe8 23. Nce2 f5 24. Nxc6 Qxc6 25. c4 Nc5 26. Bxc5 Qxc5 27. Qxc5 Rxc5 28. Rfd1 Rc7 29. Rd4 Bf8 30. Rcd1 Bc5 31. Rd8 Kf8 32. h3 Ke7 33. R8d2 a5 34. Kh2 Rec8 35. Kg3 h6 36. h4 Rg8 37. Kh3 Rh8 38. Rd6 b6 39. Nc3 Rb7 40. Rc6 Rd7 41. Rc1 Be3 42. Rf1 Rhd8 43. g3 Rd3 44. Nb5 Bc5 45. Nc7 Kd7 46. Rxe6 Kxc7 47. Rxg6 e3 48. Re1 Rd2 49. g4 fxg4+ 50. Kxg4 Rg2+ 51. Kf5 Rf8+ 52. Rf6 Rxf6+ 53. Kxf6 e2 54. f5 Bb4 55. e6 Bxe1 56. Kf7 0-1

[Event "Berlin-ch Seniors op 37th"]
[Site "Berlin"]
[Date "2021.06.11"]
[Round "4"]
[White "Casny, Guenter"]
[Black "Hildebrand, Gerald"]
[Result "1-0"]
[WhiteElo "1805"]
[BlackElo "2082"]
[PlyCount "167"]
[EventDate "2021.06.08"]
[EventType "swiss"]
[EventRounds "9"]
[EventCountry "GER"]
[SourceTitle "EXT 2022"]
[Source "ChessBase"]
[SourceDate "2021.10.06"]
[SourceVersion "1"]
[SourceVersionDate "2021.10.06"]
[SourceQuality "1"]

1. e4 c5 2. Nf3 d6 3. d4 cxd4 4. Nxd4 Nf6 5. Bd3 e5 6. Nb3 Be7 7. Qe2 0-0 8. f3 Nc6 9. 0-0 d5 10. exd5 Nxd5 11. a3 Be6 12. Bd2 a5 13. c4 Qb6+ 14. Kh1 Qxb3 15. cxd5 Bxd5 16. Bc3 Bf6 17. Nd2 Qb6 18. Ne4 Be7 19. Ng3 Bf6 20. Bxh7+ Kxh7 21. Qd3+ g6 22. Qxd5 Rad8 23. Qe4 Kg8 24. Rab1 Rd7 25. Ne2 Rfd8 26. f4 Rd3 27. fxe5 Bxe5 28. Bxe5 Re3 29. Bc7 Qb3 30. Qf4 Rxe2 31. Bxd8 Nxd8 32. Rbd1 Nc6 33. Rd2 Re5 34. Qg4 Qe3 35. Rdd1 Ne7 36. Rd8+ Kg7 37. Qd1 Nf5 38. Rd7 Ng3+ 39. hxg3 Rh5+ 40. Qxh5 gxh5 41. Rfxf7+ Kg6 42. Rg7+ Kh6 43. Rxb7 a4 44. Rg8 Qe6 45. Rh8+ Kg6 46. Rb5 Qc6 47. Rhxh5 Qe4 48. Rhe5 Qd3 49. Kh2 Kf6 50. Rh5 Kg6 51. Rhd5 Qe3 52. Rb4 Qe6 53. Rdb5 Qe8 54. Rb6+ Kf5 55. R4b5+ Ke4 56. Rb4+ Kd3 57. Rd6+ Kc2 58. Rdd4 Qh8+ 59. Rh4 Qe5 60. Rhc4+ Kb1 61. Rxa4 Kxb2 62. Rh4 Qc5 63. Rhb4+ Ka2 64. Ra6 Qh5+ 65. Rh4 Qb5 66. Rhh6 Qg5 67. a4 Ka3 68. a5 Ka4 69. Rag6 Qe7 70. a6 Kb5 71. Rh5+ Kb4 72. Rg4+ Kb3 73. Rgh4 Qa7 74. Rh6 Ka3 75. R4h5 Ka4 76. Rg5 Kb4 77. Rgg6 Ka5 78. Rh5+ Ka4 79. Rgh6 Kb4 80. Rg5 Ka4 81. Rgg6 Kb5 82. Rb6+ Ka5 83. Rb7 Qa8 84. Rhh7 1-0

[Event "Berlin-ch Seniors op 36th"]
[Site "Berlin"]
[Date "2020.02.01"]
[Round "5.21"]
[White "Weigelt, Reinhard"]
[Black "Casny, Guenter"]
[Result "1-0"]
[WhiteElo "2002"]
[BlackElo "1808"]
[PlyCount "104"]
[EventDate "2020.01.28"]
[EventType "swiss"]
[EventRounds "9"]
[EventCountry "GER"]
[SourceTitle "EXT 2024"]
[Source "ChessBase"]
[SourceDate "2023.10.10"]
[SourceVersion "1"]
[SourceVersionDate "2023.10.10"]
[SourceQuality "1"]

1. d4 Nf6 2. Nc3 g6 3. e4 d6 4. Bg5 Bg7 5. Qd2 c6 6. 0-0-0 Nbd7 7. f4 Qa5 8. e5 dxe5 9. dxe5 Nd5 10. Nxd5 Qxd2+ 11. Rxd2 cxd5 12. Rxd5 e6 13. Rd2 0-0 14. Nf3 h6 15. Be7 Re8 16. Bd6 a6 17. Bd3 Nb6 18. c4 Bf8 19. c5 Nd5 20. g3 Bd7 21. Re1 Bc6 22. Nd4 Bxd6 23. cxd6 Nb4 24. a3 Nxd3+ 25. Rxd3 Bd5 26. Kd2 Red8 27. Rc3 Rd7 28. Rec1 Rad8 29. Rc7 Kf8 30. Rxd7 Rxd7 31. Rc8+ Kg7 32. Rc7 Rd8 33. Kc3 Kf8 34. Kb4 Ke8 35. Re7+ Kf8 36. Kc5 Rc8+ 37. Rc7 Rd8 38. Kb6 h5 39. b4 Ke8 40. Re7+ Kf8 41. Kc7 Ra8 42. Kb6 Rd8 43. h4 Ra8 44. a4 Rd8 45. a5 Ra8 46. Ne2 Rc8 47. Rc7 Rd8 48. Ng1 Bg2 49. Ne2 Bh3 50. Nc3 Bf5 51. Na4 Bc2 52. Nc5 f6 1-0

[Event "Berlin Lichtenberger op 18th"]
[Site "Berlin"]
[Date "2019.08.24"]
[Round "8"]
[White "Casny, Guenter"]
[Black "Uhlenbrock, Sven"]
[Result "1-0"]
[WhiteElo "1841"]
[BlackElo "1652"]
[PlyCount "129"]
[EventDate "2019.08.17"]
[EventType "swiss"]
[EventRounds "9"]
[EventCountry "GER"]
[SourceTitle "EXT 2020"]
[Source "ChessBase"]
[SourceDate "2019.10.17"]
[SourceVersion "1"]
[SourceVersionDate "2019.10.17"]
[SourceQuality "1"]

1. d4 d6 2. Nf3 Nf6 3. e3 Nbd7 4. Bd3 e5 5. Nbd2 Qe7 6. e4 exd4 7. Nxd4 Nc5 8. f3 Nxd3+ 9. cxd3 g6 10. 0-0 Bg7 11. Ne2 0-0 12. Qc2 c6 13. Nb3 Be6 14. Bg5 h6 15. Bh4 g5 16. Bf2 Nh5 17. d4 Qf6 18. Rae1 Rfe8 19. Nbc1 Qd8 20. b3 Qa5 21. g4 Nf6 22. Ng3 Nd7 23. Rd1 Rac8 24. Nce2 d5 25. Nf5 Bxf5 26. gxf5 dxe4 27. fxe4 Nf6 28. e5 Ng4 29. Qd2 Qxd2 30. Rxd2 Rcd8 31. Rfd1 Nxf2 32. Kxf2 Bf8 33. Ng3 Rd5 34. Ne4 Be7 35. Kf3 Red8 36. f6 Bb4 37. Rd3 c5 38. Nd6 cxd4 39. Ke4 R8xd6 40. exd6 Rxd6 41. Rxd4 Rxf6 42. Ke5 Re6+ 43. Kf5 a5 44. h4 Bc3 45. Rd8+ Kg7 46. hxg5 hxg5 47. R8d7 Rf6+ 48. Kg4 Kg6 49. Rxb7 Rf4+ 50. Kg3 Be5 51. Kg2 Rd4 52. Rxd4 Bxd4 53. a3 Kf6 54. Kf3 Ke6 55. Rb5 f5 56. Rxa5 g4+ 57. Kg2 f4 58. Rg5 f3+ 59. Kf1 Be3 60. Rxg4 Kf5 61. Rc4 Ke5 62. a4 Kd5 63. a5 f2 64. a6 Ba7 65. Rc7 1-0

[Event "Berlin Lichtenberger op 18th"]
[Site "Berlin"]
[Date "2019.08.21"]
[Round "5"]
[White "Fricke, Janek Konrad"]
[Black "Casny, Guenter"]
[Result "1/2-1/2"]
[WhiteElo "1536"]
[BlackElo "1841"]
[PlyCount "164"]
[EventDate "2019.08.17"]
[EventType "swiss"]
[EventRounds "9"]
[EventCountry "GER"]
[SourceTitle "EXT 2020"]
[Source "ChessBase"]
[SourceDate "2019.10.17"]
[SourceVersion "1"]
[SourceVersionDate "2019.10.17"]
[SourceQuality "1"]

1. e4 g6 2. d4 d6 3. c4 Bg7 4. Nf3 c6 5. Nc3 Nd7 6. Be2 e5 7. d5 Ndf6 8. Bg5 h6 9. Bd2 Bd7 10. h3 Qc7 11. Bd3 Ne7 12. Qe2 a5 13. Be3 c5 14. b3 g5 15. Qc2 Ng6 16. g3 g4 17. Ng1 Qc8 18. h4 h5 19. Nge2 Kf8 20. Nd1 Nh7 21. Nec3 Ne7 22. Nb2 b6 23. Nba4 Rb8 24. Nb1 Kg8 25. Nac3 Nf8 26. Na3 Qd8 27. Nab5 Bxb5 28. Nxb5 Qd7 29. 0-0-0 Nfg6 30. Rdf1 Kh7 31. Qd2 Rhf8 32. Bg5 f5 33. Kb1 f4 34. Rhg1 f3 35. Kc2 Ra8 36. Nc3 Nc8 37. Ra1 Rf7 38. Kd1 Qe8 39. Bc2 Nf8 40. a3 Na7 41. Bd3 Rb7 42. Kc2 Nd7 43. Rgb1 Rab8 44. Qe1 Rc7 45. Kd1 Rbb7 46. Qf1 Nb8 47. Qe1 Na6 48. Qf1 Rc8 49. Qe1 Nc7 50. Qf1 Rcb8 51. Nb5 Naxb5 52. cxb5 Rc8 53. a4 Qf7 54. Qe1 Ne8 55. Qd2 Qg6 56. Qe3 Bh6 57. Bxh6 Qxh6 58. Qxh6+ Kxh6 59. Rc1 Rbc7 60. Ra2 Kg6 61. Rac2 Kf6 62. Rc4 Ke7 63. Kd2 Nf6 64. Ke3 Kf7 65. Kd2 Nd7 66. Ke3 Nf8 67. Kd2 Ng6 68. Kc3 Ke8 69. Rg1 Rg7 70. Bf1 Kd8 71. Bd3 Rcc7 72. Kd2 Rcf7 73. Ke1 Rg8 74. Bf1 Rfg7 75. Bd3 Kd7 76. Kf1 Ke7 77. Rc3 Kf6 78. Bc4 Ne7 79. Ke1 Kg6 80. Kd2 Kh6 81. Re3 Ng6 82. Ree1 Kh7 1/2-1/2

[Event "Berlin Lichtenberger op 18th"]
[Site "Berlin"]
[Date "2019.08.18"]
[Round "2"]
[White "Casny, Guenter"]
[Black "Poseck, Steffen"]
[Result "0-1"]
[WhiteElo "1841"]
[BlackElo "2041"]
[PlyCount "110"]
[EventDate "2019.08.17"]
[EventType "swiss"]
[EventRounds "9"]
[EventCountry "GER"]
[SourceTitle "EXT 2020"]
[Source "ChessBase"]
[SourceDate "2019.10.17"]
[SourceVersion "1"]
[SourceVersionDate "2019.10.17"]
[SourceQuality "1"]

1. e4 c5 2. Nf3 a6 3. c4 e6 4. Nc3 Nc6 5. d3 g6 6. Be3 d6 7. Qd2 Bg7 8. g3 Nd4 9. Bg2 Ne7 10. Ne2 Nec6 11. Nfxd4 Nxd4 12. Nxd4 cxd4 13. Bh6 Kf8 14. 0-0 e5 15. a4 a5 16. Rfb1 Bd7 17. b4 axb4 18. Bxg7+ Kxg7 19. Qxb4 Bc6 20. a5 Ra6 21. Rb2 Qe7 22. Rba2 Rha8 23. Qd2 Qc7 24. h3 R8a7 25. Kh2 Bd7 26. f4 Qc5 27. fxe5 dxe5 28. g4 h6 29. Kg3 Qe7 30. Bf3 Rf6 31. Bg2 Rf4 32. a6 Rxa6 33. Rxa6 bxa6 34. Rxa6 Qg5 35. Qe2 h5 36. Bf3 hxg4 37. hxg4 Kf8 38. Ra8+ Ke7 39. Ra7 Kd8 40. Ra8+ Ke7 41. Ra7 Rf6 42. Kg2 Qf4 43. Ra1 Rb6 44. Re1 Rb3 45. Rd1 Rc3 46. Qb2 Bxg4 47. Rf1 Kf8 48. Qe2 Bxf3+ 49. Rxf3 Qg5+ 50. Rg3 Qc1 51. Qf1 Rc2+ 52. Kg1 Qh6 53. Qe1 Qh2+ 54. Kf1 Qh1+ 55. Rg1 Qf3+ 0-1

[Event "Berlin-ch Seniors op 34th"]
[Site "Berlin"]
[Date "2018.02.03"]
[Round "5"]
[White "Jaeger, Andre"]
[Black "Casny, Guenter"]
[Result "1/2-1/2"]
[WhiteElo "1958"]
[BlackElo "1821"]
[PlyCount "202"]
[EventDate "2018.01.30"]
[EventType "swiss"]
[EventRounds "9"]
[EventCountry "GER"]
[SourceTitle "EXT 2020"]
[Source "ChessBase"]
[SourceDate "2019.10.17"]
[SourceVersion "1"]
[SourceVersionDate "2019.10.17"]
[SourceQuality "1"]

1. d4 d5 2. c4 e6 3. Nc3 Be7 4. cxd5 exd5 5. Bf4 c6 6. Qc2 Nf6 7. e3 Nbd7 8. h3 Nf8 9. Bd3 Ng6 10. Bh2 Bd7 11. Nge2 Qc8 12. 0-0 b5 13. f3 0-0 14. e4 dxe4 15. fxe4 a6 16. Rf3 Be6 17. Qd2 Qd7 18. Kh1 Rad8 19. Raf1 Qb7 20. g4 Bb4 21. a3 Ba5 22. b4 Bb6 23. Bg1 a5 24. Qc2 a4 25. g5 Bb3 26. Qb1 Nh5 27. Be3 Qa7 28. Qe1 Qb8 29. Qf2 Nh8 30. Qh4 g6 31. e5 Qc8 32. Kg1 Be6 33. Ne4 f5 34. gxf6 Bd5 35. Nd6 Rxd6 36. exd6 Bxf3 37. Rxf3 Qe6 38. Bg5 Qxd6 39. Bb1 Qd5 40. Qe4 Qxg5+ 41. Kf2 Qd5 42. Bd3 Qxe4 43. Bxe4 Rxf6 44. Rxf6 Nxf6 45. Bxc6 Nf7 46. Bxb5 Nd6 47. Bxa4 Nf5 48. Bb3+ Kf8 49. a4 Nxd4 50. Nxd4 Bxd4+ 51. Ke2 Bc3 52. b5 Ba5 53. Kd3 Ke7 54. Kd4 Kd6 55. Bf7 g5 56. Bb3 Bb6+ 57. Kc4 Nd5 58. Ba2 Ba5 59. Kd4 Nf4 60. Bb1 Nxh3 61. Bxh7 Bd8 62. Bf5 Nf4 63. Bg4 Ne6+ 64. Kc4 Ba5 65. Bd1 Nc5 66. Kd4 Bb6 67. Kc4 Ne4 68. Kb4 Nf2 69. Be2 g4 70. a5 Bc5+ 71. Kc4 g3 72. Bf3 Ng4 73. Kd3 Ne5+ 74. Ke2 Nc4 75. a6 Bb6 76. Bc6 Ne5 77. Be4 Kc5 78. Ke3 Kxb5+ 79. Kf4 Bc7 80. Kxg3 Kxa6 81. Kf4 Kb5 82. Kf5 Kc5 83. Bb7 Kd4 84. Ba8 Kc5 85. Bb7 Kd6 86. Ba8 Ke7 87. Bb7 Nd7 88. Bc6 Nc5 89. Bd5 Kd6 90. Ba8 Nd3 91. Be4 Ne5 92. Ba8 Nd7 93. Be4 Nb6 94. Bb7 Bd8 95. Be4 Be7 96. Bb7 Nc4 97. Ba8 Ne3+ 98. Ke4 Bg5 99. Bb7 Kc5 100. Ba8 Nc4 101. Kf5 Bd2 1/2-1/2

[Event "Berlin-ch Seniors op 33rd"]
[Site "Berlin"]
[Date "2017.02.08"]
[Round "8"]
[White "Theilig, Reinhard"]
[Black "Casny, Guenter"]
[Result "0-1"]
[WhiteElo "1615"]
[BlackElo "1858"]
[PlyCount "106"]
[EventDate "2017.01.31"]
[EventType "swiss"]
[EventRounds "9"]
[EventCountry "GER"]
[SourceTitle "EXT 2019"]
[Source "ChessBase"]
[SourceDate "2018.10.10"]
[SourceVersion "1"]
[SourceVersionDate "2018.10.10"]
[SourceQuality "1"]

1. Nf3 b6 2. g3 Bb7 3. Bg2 Nf6 4. 0-0 d5 5. c4 c6 6. b3 e6 7. Bb2 Nbd7 8. d3 Qc7 9. Nc3 Be7 10. Rc1 a6 11. cxd5 exd5 12. Re1 0-0 13. Nd4 c5 14. Nf5 Rfe8 15. e4 d4 16. Nd5 Nxd5 17. exd5 Bd6 18. Qg4 Rxe1+ 19. Rxe1 g6 20. Nh6+ Kf8 21. Qg5 Re8 22. Rxe8+ Kxe8 23. Ng8 Kf8 24. Nf6 Nxf6 25. Qxf6 Be5 26. d6 Bxf6 27. dxc7 Bc8 28. Bc1 Be5 29. Bf4 Bxf4 30. gxf4 Ke7 31. Bd5 f6 32. f5 gxf5 33. f4 Kd6 34. Bg8 h6 35. h4 Kxc7 36. Bd5 Kd6 37. Bf3 Bd7 38. Kf2 a5 39. Ke1 b5 40. a3 Be6 41. Bd1 c4 42. b4 axb4 43. axb4 Bd5 44. Kd2 Bg2 45. Be2 Kd5 46. Ke1 Bh1 47. Kf2 Be4 48. dxc4+ bxc4 49. b5 d3 50. b6 Kc6 51. b7 Kxb7 52. Bd1 Kb6 53. Ke3 Kc5 0-1

[Event "Berlin-ch Seniors op 33rd"]
[Site "Berlin"]
[Date "2017.02.04"]
[Round "5"]
[White "Fey, Jens"]
[Black "Casny, Guenter"]
[Result "1/2-1/2"]
[WhiteElo "1630"]
[BlackElo "1858"]
[PlyCount "86"]
[EventDate "2017.01.31"]
[EventType "swiss"]
[EventRounds "9"]
[EventCountry "GER"]
[SourceTitle "EXT 2019"]
[Source "ChessBase"]
[SourceDate "2018.10.10"]
[SourceVersion "1"]
[SourceVersionDate "2018.10.10"]
[SourceQuality "1"]

1. e4 g6 2. d3 Bg7 3. Nf3 c5 4. Nc3 Nc6 5. Bd2 a6 6. a4 d6 7. Be2 Nd4 8. Rb1 e6 9. b3 Bd7 10. Nxd4 cxd4 11. Na2 Rc8 12. Bf3 Bc6 13. Nc1 e5 14. Ne2 f5 15. Ng1 f4 16. Bg4 Bd7 17. Rc1 Nf6 18. Bxd7+ Qxd7 19. f3 0-0 20. c4 g5 21. Ne2 h6 22. 0-0 Rf7 23. Be1 Qe7 24. b4 b6 25. Ra1 Qb7 26. a5 b5 27. cxb5 Qxb5 28. Qb3 Bf8 29. Bd2 Kg7 30. Rac1 Rfc7 31. Rxc7+ Rxc7 32. Rc1 Rxc1+ 33. Nxc1 Qc6 34. Qc4 Qb7 35. Nb3 d5 36. exd5 Nxd5 37. Nc5 Bxc5 38. Qxc5 Kg6 39. Qd6+ Kf5 40. Qf8+ Kg6 41. Qg8+ Kf6 42. Qf8+ Kg6 43. Qd6+ Kh7 1/2-1/2

[Event "Berlin-ch Seniors op 33rd"]
[Site "Berlin"]
[Date "2017.02.03"]
[Round "4"]
[White "Casny, Guenter"]
[Black "Schroeder, Wolfgang1111"]
[Result "1/2-1/2"]
[WhiteElo "1858"]
[BlackElo "1668"]
[PlyCount "99"]
[EventDate "2017.01.31"]
[EventType "swiss"]
[EventRounds "9"]
[EventCountry "GER"]
[SourceTitle "EXT 2019"]
[Source "ChessBase"]
[SourceDate "2018.10.10"]
[SourceVersion "1"]
[SourceVersionDate "2018.10.10"]
[SourceQuality "1"]

1. d4 d5 2. e3 Nf6 3. Bd3 b6 4. Nd2 Ba6 5. Qe2 Bxd3 6. Qxd3 e6 7. Ngf3 Nbd7 8. 0-0 c5 9. c3 c4 10. Qc2 Bd6 11. e4 dxe4 12. Nxe4 Nxe4 13. Qxe4 Rc8 14. Bg5 Be7 15. Bxe7 Qxe7 16. Rae1 0-0 17. Ne5 Nf6 18. Qe2 b5 19. f4 g6 20. Qf3 Nd5 21. Ng4 Rfd8 22. Rf2 Qd6 23. g3 h5 24. Ne3 Nxe3 25. Qxe3 a5 26. Qe5 Qxe5 27. Rxe5 Rd5 28. Rfe2 Rcd8 29. Kf2 b4 30. Rxd5 exd5 31. Kf3 Kf8 32. g4 hxg4+ 33. Kxg4 Kg7 34. f5 Kf6 35. fxg6 Kxg6 36. h4 f5+ 37. Kf4 Rh8 38. Re6+ Kf7 39. Ra6 Rxh4+ 40. Kxf5 Rh5+ 41. Kg4 Rh2 42. Rxa5 Rxb2 43. cxb4 Rxb4 44. Rxd5 c3 45. Rc5 Rxd4+ 46. Kf5 Ra4 47. Rc7+ Ke8 48. Ke6 Ra6+ 49. Kd5 Rxa2 50. Rxc3 1/2-1/2

[Event "Berlin Lichtenberger op 15th"]
[Site "Berlin"]
[Date "2016.08.20"]
[Round "8"]
[White "Schacht, Thomas"]
[Black "Casny, Guenter"]
[Result "0-1"]
[WhiteElo "1678"]
[BlackElo "1862"]
[PlyCount "100"]
[EventDate "2016.08.13"]
[EventType "swiss"]
[EventRounds "9"]
[EventCountry "GER"]
[SourceTitle "CBM 173 Extra"]
[Source "ChessBase"]
[SourceDate "2016.08.29"]
[SourceVersion "1"]
[SourceVersionDate "2016.08.29"]
[SourceQuality "1"]

1. d4 d5 2. c4 dxc4 3. e4 a6 4. Bxc4 Nf6 5. Nc3 b5 6. Bb3 Bb7 7. Qc2 e6 8. Nf3 Bb4 9. Bg5 h6 10. Bxf6 gxf6 11. 0-0 c6 12. Rad1 Qe7 13. a3 Bxc3 14. bxc3 Nd7 15. Rfe1 Nb6 16. a4 Rd8 17. a5 Na8 18. d5 cxd5 19. exd5 e5 20. c4 Nc7 21. Nd4 Qc5 22. Qf5 Rd6 23. Nc6 Kf8 24. Rc1 b4 25. Ra1 Bxc6 26. Qc8+ Be8 27. Ba4 Ke7 28. Bc6 Rxc6 29. dxc6 Qxc6 30. Red1 Ne6 31. Qxc6 Bxc6 32. Rab1 Rb8 33. Rd2 Nd4 34. Rdb2 b3 35. f3 Rb4 36. Rc1 Ra4 37. Kf2 Rxa5 38. Ke3 Rc5 39. f4 a5 40. fxe5 fxe5 41. Kd3 a4 42. Kc3 a3 43. Rxb3 Nxb3 44. Kxb3 Bxg2 45. Kb4 Rc8 46. Kxa3 Rb8 47. Rd1 f5 48. c5 f4 49. Rd6 Rc8 50. Rd5 Bxd5 0-1

[Event "Berlin Lichtenberger op 15th"]
[Site "Berlin"]
[Date "2016.08.18"]
[Round "6"]
[White "Shapiro, Yosip"]
[Black "Casny, Guenter"]
[Result "1-0"]
[WhiteElo "2090"]
[BlackElo "1862"]
[PlyCount "161"]
[EventDate "2016.08.13"]
[EventType "swiss"]
[EventRounds "9"]
[EventCountry "GER"]
[SourceTitle "CBM 173 Extra"]
[Source "ChessBase"]
[SourceDate "2016.08.29"]
[SourceVersion "1"]
[SourceVersionDate "2016.08.29"]
[SourceQuality "1"]

1. c4 c5 2. Nc3 Nc6 3. Nf3 d6 4. g3 Nf6 5. Bg2 e6 6. 0-0 Bd7 7. e3 Rb8 8. d4 cxd4 9. exd4 d5 10. Bf4 Rc8 11. cxd5 Nxd5 12. Nxd5 exd5 13. Qb3 Be7 14. Qxb7 0-0 15. Ne5 Rc7 16. Nxc6 Rxb7 17. Nxd8 Rxd8 18. b3 Be6 19. Rac1 g5 20. Be3 h6 21. Rc6 Ba3 22. Ra6 Bb4 23. Rc1 Bf8 24. Bf1 Rdd7 25. Bd3 Rdc7 26. Rac6 Rxc6 27. Rxc6 Bg7 28. f4 gxf4 29. gxf4 Rb4 30. f5 Bxd4 31. Kf2 Bxe3+ 32. Kxe3 Rh4 33. fxe6 fxe6 34. Rxe6 Rxh2 35. Ra6 h5 36. Kd4 Rd2 37. Ke3 Rh2 38. Rxa7 h4 39. Bf5 h3 40. Be6+ Kf8 41. Bxd5 Rb2 42. a4 h2 43. Rf7+ Ke8 44. Rf2 Rxb3+ 45. Ke2 Rb1 46. Rf1 Rb2+ 47. Kd3 Ke7 48. Kc3 Re2 49. a5 Kd6 50. Bb7 Re3+ 51. Kd2 Ra3 52. a6 Kc7 53. Ke2 Kb8 54. Kf2 Ka7 55. Kg2 Ra2+ 56. Kh3 Kb6 57. Rh1 Ra3+ 58. Kxh2 Ka7 59. Kg2 Kb6 60. Rh3 Ra2+ 61. Kg3 Ra4 62. Rh4 Ra1 63. Rh6+ Ka7 64. Kf4 Ra5 65. Ke4 Ra1 66. Kd5 Rd1+ 67. Kc6 Rc1+ 68. Kd6 Rd1+ 69. Kc7 Rg1 70. Bc8 Rc1+ 71. Rc6 Rb1 72. Be6 Rb7+ 73. Kd6 Rb2 74. Bc4 Rd2+ 75. Kc5 Rd7 76. Bd5 Rd8 77. Rc7+ Kb8 78. Rb7+ Kc8 79. Be6+ Rd7 80. Bxd7+ Kd8 81. Bh3 1-0

[Event "Berlin Lichtenberger op 15th"]
[Site "Berlin"]
[Date "2016.08.17"]
[Round "5"]
[White "Casny, Guenter"]
[Black "Keusch, Horst"]
[Result "1-0"]
[WhiteElo "1862"]
[BlackElo "1973"]
[PlyCount "135"]
[EventDate "2016.08.13"]
[EventType "swiss"]
[EventRounds "9"]
[EventCountry "GER"]
[SourceTitle "CBM 173 Extra"]
[Source "ChessBase"]
[SourceDate "2016.08.29"]
[SourceVersion "1"]
[SourceVersionDate "2016.08.29"]
[SourceQuality "1"]

1. d4 Nf6 2. e3 d5 3. Bd3 g6 4. Nd2 Bg7 5. Ngf3 0-0 6. Ne5 Nbd7 7. f4 c5 8. c3 c4 9. Bc2 Nxe5 10. fxe5 Bg4 11. Nf3 Ne4 12. 0-0 f6 13. exf6 exf6 14. Qe1 Qe7 15. h3 Bxf3 16. gxf3 Nd6 17. Bd2 f5 18. Qg3 Rae8 19. Rae1 Rf6 20. Kh1 Bh6 21. Bc1 Re6 22. f4 b5 23. Kh2 Bg7 24. Qf3 Ne4 25. Bxe4 fxe4 26. Qg4 Rf8 27. Rg1 Rf5 28. Rg2 Kh8 29. Rh1 a5 30. Bd2 Ra6 31. Be1 Bf6 32. Kg1 Ra8 33. h4 Rh5 34. Rgh2 Qf7 35. Kf1 Rd8 36. Ke2 Be7 37. Rf1 Bd6 38. Rhf2 Rf8 39. Rg1 Qe7 40. Rfg2 Rff5 41. Kd1 b4 42. Rh1 Qe8 43. Kc1 Qa4 44. Kb1 Qb5 45. Qd1 Be7 46. Rgh2 Rf8 47. Ka1 a4 48. cxb4 Bxb4 49. Bxb4 Qxb4 50. Qd2 Qb5 51. Qc3 Rb8 52. Rg1 Rf5 53. Rc1 Kg7 54. Qa3 Qd7 55. Qc3 Rf6 56. Rg1 Qa7 57. h5 Rb3 58. Qd2 Rd3 59. Qc1 a3 60. hxg6 Rxg6 61. Rxg6+ hxg6 62. bxa3 Qa4 63. Rh1 Rxa3 64. Qb2 Qa6 65. Qh2 Qf6 66. Qh8+ Kf7 67. Rh7+ Ke6 68. Qe8+ 1-0

[Event "Berlin Lichtenberger op 15th"]
[Site "Berlin"]
[Date "2016.08.16"]
[Round "4"]
[White "Casny, Guenter"]
[Black "Ho, Ngoc Hai Dang"]
[Result "1-0"]
[WhiteElo "1862"]
[BlackElo "1242"]
[PlyCount "65"]
[EventDate "2016.08.13"]
[EventType "swiss"]
[EventRounds "9"]
[EventCountry "GER"]
[SourceTitle "CBM 173 Extra"]
[Source "ChessBase"]
[SourceDate "2016.08.29"]
[SourceVersion "1"]
[SourceVersionDate "2016.08.29"]
[SourceQuality "1"]

1. d4 d5 2. e3 Nf6 3. Bd3 Nbd7 4. Nf3 b6 5. Nbd2 Bb7 6. 0-0 e6 7. Re1 c5 8. c4 Bd6 9. b3 0-0 10. e4 dxe4 11. Nxe4 Nxe4 12. Bxe4 Bxe4 13. Rxe4 Nf6 14. Rh4 Re8 15. Bb2 cxd4 16. Rxd4 Bxh2+ 17. Nxh2 Qe7 18. Rf4 e5 19. Rf5 e4 20. Bxf6 gxf6 21. Ng4 Kh8 22. Qd4 Rad8 23. Qxf6+ Qxf6 24. Nxf6 Re6 25. Nd5 Rdd6 26. Rxf7 Rh6 27. Rxa7 Rh4 28. f4 exf3 29. Rf1 Rd8 30. Rxf3 Rg8 31. Nf6 Rg6 32. Ra8+ Kg7 33. Rg8+ 1-0

[Event "Berlin-ch Seniors op 32nd"]
[Site "Berlin"]
[Date "2016.01.30"]
[Round "5"]
[White "Casny, Guenter"]
[Black "Strehlow, Horst"]
[Result "1-0"]
[WhiteElo "1856"]
[BlackElo "1981"]
[PlyCount "86"]
[EventDate "2016.01.26"]
[EventType "swiss"]
[EventRounds "9"]
[EventCountry "GER"]
[SourceTitle "EXT 2019"]
[Source "ChessBase"]
[SourceDate "2018.10.10"]
[SourceVersion "1"]
[SourceVersionDate "2018.10.10"]
[SourceQuality "1"]

1. c4 c5 2. Nc3 Nc6 3. Nf3 Nf6 4. g3 d5 5. cxd5 Nxd5 6. Nxd5 Qxd5 7. Bg2 g6 8. 0-0 Bg7 9. Re1 e5 10. Ng5 Qd7 11. Ne4 b6 12. a3 Bb7 13. d3 0-0 14. Rb1 f5 15. Ng5 Rae8 16. Qb3+ Kh8 17. Qd5 Qe7 18. Qa2 h6 19. Nh3 Nd4 20. b4 Bxg2 21. Kxg2 Qb7+ 22. f3 cxb4 23. axb4 Rc8 24. Ng1 e4 25. Rb2 Rfe8 26. Bd2 exd3 27. exd3 Rxe1 28. Bxe1 Re8 29. Bf2 Nc6 30. Rb1 Rd8 31. b5 Ne5 32. d4 Ng4 33. Ne2 Nxf2 34. Kxf2 Bxd4+ 35. Nxd4 Rxd4 36. Re1 Qd5 37. Qxa7 Rd2+ 38. Re2 Qd4+ 39. Kf1 Rd1+ 40. Kg2 Rd2 41. Qe7 Rxe2+ 42. Qxe2 Qd6 43. Qe3 Kg7 1-0

[Event "Miedzyzdroje OB Seniors 23rd"]
[Site "Miedzyzdroje"]
[Date "2015.06.22"]
[Round "6"]
[White "Casny, Guenter"]
[Black "Barwich, Alfred"]
[Result "0-1"]
[WhiteElo "1820"]
[BlackElo "2022"]
[PlyCount "80"]
[EventDate "2015.06.17"]
[EventType "swiss"]
[EventRounds "8"]
[EventCountry "POL"]
[SourceTitle "EXT 2018"]
[Source "ChessBase"]
[SourceDate "2017.10.13"]
[SourceVersion "1"]
[SourceVersionDate "2017.10.13"]
[SourceQuality "1"]

1. e4 d6 2. Nc3 c5 3. f4 Nc6 4. Nf3 g6 5. d3 Bg7 6. Be3 Nf6 7. h3 Nh5 8. g4 Ng3 9. Rg1 Nxf1 10. Rxf1 e6 11. Qd2 Nd4 12. g5 0-0 13. Bxd4 cxd4 14. Ne2 e5 15. Nfg1 exf4 16. Qxf4 f6 17. 0-0-0 fxg5 18. Qd2 a5 19. Rxf8+ Kxf8 20. Rf1+ Kg8 21. Qe1 Be6 22. Kb1 Qe7 23. Rf3 b6 24. Qf2 Rf8 25. Nxd4 Bxd4 26. Qxd4 Bxh3 27. b3 Be6 28. Qxb6 g4 29. Rxf8+ Qxf8 30. Kb2 h5 31. Qxa5 Qf2 32. Qd8+ Kg7 33. Qe7+ Bf7 34. Qxd6 Qxg1 35. Qe5+ Kg8 36. a4 g3 37. a5 g2 38. Qb8+ Kh7 39. a6 Qd4+ 40. c3 Qf2+ 0-1